000 00689cam a2200217 a 4500
001 000003962
005 20200929150637.0
008 950721s1998 sp 001 f spa
020 _a840149317x
040 _aDO-SdBNP
_cDLC
_dDLC
082 _a813.54
_bC592n
100 1 _aClark, Mary Higgins.
_d1927-
_911905
245 1 0 _aNoche de paz /
_cMary Higgins Clark ; Traducción, Silvia Komet.
260 _aBarcelona :
_bPlaza & Janés,
_c1998.
300 _a182 p. ;
_c18 cm.
534 _aTítulo Original: Silent Night
650 4 _aNovela estadounidense
_9262
650 4 _aLiteratura estadounidense
_9263
700 1 _aKomet, Silvia
_etr.
_911906
910 _aCatalogación por copia / LC
999 _c3781
_d3781